[Event "Sligo Championship 2024"]
[Site "Enniscrone IRL"]
[Date "2024.02.03"]
[Round "2.3"]
[White "O'Hanlon, Joe"]
[Black "Govindaraju, Darun"]
[Result "0-1"]
[WhiteElo "1592"]
[BlackElo "1683"]
[WhiteICU "1480"]
[BlackICU "1669"]
[WhiteClub "Dundalk"]
[BlackClub "Moate Juniors"]
[WhiteNationality "IRL"]
[BlackNationality "IRL"]
[WhiteFideId "2512157"]
[BlackFideId "2519690"]
[PlyCount "90"]
[EventSection "2/4"]
[EventDate "2024.02.02"]

{ Event information: <a
href="https://www.irlchess.com/sligo-cship2024_allfiles/pairings_sligo-cship2024.html">Tournament
report</a>. }

1. d4 Nf6 2. Bf4 d5 3. e3 c5 4. Nc3 a6 5. dxc5 Nc6 6. Nf3 Bg4 7. Be2 e6 8.
Na4 Ne4 9. Nb6 Ra7 10. Na4 Nxc5 11. Nxc5 Bxc5 12. O-O O-O 13. c3 b5 14. Ne5
Nxe5 15. Bxe5 Bxe2 16. Qxe2 f6 17. Bd4 Qc7 18. Qd2 Rb7 19. Rac1 Bd6 20. e4
dxe4 21. g3 e5 22. Be3 Qc6 23. Rfd1 Rd7 24. Qd5+ Qxd5 25. Rxd5 Kf7 26. Rcd1
Ke6 27. Kf1 Rfd8 28. Ke2 Be7 29. Rxd7 Rxd7 30. Rxd7 Kxd7 31. Ba7 Kc6 32.
Be3 Bc5 33. Bd2 Kd5 34. b3 f5 35. h4 g6 36. Bh6 a5 37. Bd2 a4 38. Be3 Bxe3
39. Kxe3 axb3 40. axb3 h6 41. f4 exf3 42. Kxf3 g5 43. h5 e4+ 44. Ke3 Ke5
45. Ke2 f4 0-1

[Event "Sligo Championship 2024"]
[Site "Enniscrone IRL"]
[Date "2024.02.03"]
[Round "2.4"]
[White "Barnes, Oliver"]
[Black "O'Connell, Denis"]
[Result "1-0"]
[WhiteElo "1571"]
[BlackElo "1652"]
[WhiteICU "1531"]
[BlackICU "1500"]
[BlackClub "Cork"]
[WhiteNationality "IRL"]
[BlackNationality "IRL"]
[WhiteFideId "2517604"]
[BlackFideId "2505860"]
[PlyCount "141"]
[EventSection "2/4"]
[EventDate "2024.02.02"]

{ Event information: <a
href="https://www.irlchess.com/sligo-cship2024_allfiles/pairings_sligo-cship2024.html">Tournament
report</a>. }

1. f4 e5 2. fxe5 d6 3. exd6 Bxd6 4. Nf3 Nf6 5. g3 h5 6. d3 h4 7. gxh4 Ng4
8. Nc3 Bxh2 9. Ne4 f5 10. Bg5 Qd5 11. Nxh2 Nxh2 12. Rxh2 fxe4 13. dxe4
Qxd1+ 14. Rxd1 O-O 15. e3 Nc6 16. Bc4+ Kh7 17. Bf4 Bg4 18. Rd5 Bf3 19. Rh3
Bxe4 20. Rh5+ Kg6 21. Rg5+ Kh7 22. Rhg3 g6 23. h5 Rae8 24. hxg6+ Kg7 25.
Bxc7 Bxc2 26. Bf7 Rc8 27. Bf4 Be4 28. Rh5 Rh8 29. Rgh3 Rxh5 30. Rxh5 Bxg6
31. Bxg6 Kxg6 32. Rb5 b6 33. Kf2 Rd8 34. Kf3 Rd1 35. Rg5+ Kf6 36. Rg8 Rd2
37. Rg2 Rd1 38. Rc2 Nb4 39. Rc4 Na6 40. Ra4 Nc5 41. Rxa7 Rb1 42. b3 Ne6 43.
Ra6 b5 44. Rb6 Rb2 45. Ra6 Kf7 46. Ra7+ Kf6 47. Ra5 Nxf4 48. Kxf4 b4 49.
Ra6+ Ke7 50. Ke5 Re2 51. Ra7+ Ke8 52. Kd4 Rd2+ 53. Kc4 Re2 54. Kxb4 Rxe3
55. Rc7 Kd8 56. Rc4 Re7 57. a4 Rb7+ 58. Ka3 Kd7 59. a5 Kd6 60. Ka4 Kd5 61.
Rc8 Rh7 62. b4 Rh1 63. Kb5 Ra1 64. Kb6 Ra4 65. b5 Kd6 66. a6 Kd7 67. Rc6
Kd8 68. Kb7 Ra5 69. b6 Kd7 70. Rc7+ Kd8 71. a7 1-0

[Event "Sligo Championship 2024"]
[Site "Enniscrone IRL"]
[Date "2024.02.03"]
[Round "2.6"]
[White "Arun, Nitish"]
[Black "Kononova, Alina"]
[Result "1-0"]
[WhiteElo "1556"]
[BlackElo "1632"]
[WhiteICU "1507"]
[WhiteClub "Cork"]
[WhiteNationality "IRL"]
[BlackNationality "UKR"]
[WhiteFideId "2524201"]
[BlackFideId "14137593"]
[PlyCount "109"]
[EventSection "2/4"]
[EventDate "2024.02.02"]

{ Event information: <a
href="https://www.irlchess.com/sligo-cship2024_allfiles/pairings_sligo-cship2024.html">Tournament
report</a>. }

1. d4 d5 2. c4 e6 3. Nc3 Nf6 4. Nf3 Be7 5. Bg5 h6 6. Bf4 a6 7. e3 O-O 8.
Bd3 dxc4 9. Bxc4 b5 10. Bd3 Bb7 11. O-O c5 12. dxc5 Bxc5 13. Rc1 Nbd7 14.
Ne5 Nxe5 15. Bxe5 Rc8 16. Qe2 Qe7 17. Bxf6 Qxf6 18. Be4 Qe7 19. Rfd1 Rfd8
20. Bxb7 Qxb7 21. h3 Be7 22. Rxd8+ Rxd8 23. Rd1 Qa8 24. Rxd8+ Qxd8 25. Qd1
Qxd1+ 26. Nxd1 b4 27. Kf1 Kf8 28. Ke2 Ke8 29. Kd3 Kd7 30. Kc4 Kc6 31. b3 e5
32. e4 Bc5 33. Nb2 a5 34. Nd3 Bd4 35. f4 f6 36. h4 g5 37. hxg5 fxg5 38.
fxg5 hxg5 39. g4 Be3 40. Nxe5+ Kd6 41. Kd3 Bc1 42. Nc4+ Ke6 43. Kd4 Bf4 44.
Nxa5 Bd6 45. Nc6 Kd7 46. Ne5+ Ke6 47. Nf3 Be7 48. e5 Bd8 49. Kc5 Be7+ 50.
Kc4 Bd8 51. Kd4 Be7 52. Ke4 Bd8 53. Nd4+ Kd7 54. Kf5 Be7 55. Ne6 1-0

[Event "Sligo Championship 2024"]
[Site "Enniscrone IRL"]
[Date "2024.02.03"]
[Round "2.7"]
[White "Mazzamuto, Salvatore Lorenzo"]
[Black "Krys, Dmytro"]
[Result "1-0"]
[WhiteElo "1628"]
[BlackElo "1541"]
[WhiteNationality "ITA"]
[BlackNationality "UKR"]
[WhiteFideId "28557336"]
[BlackFideId "34187480"]
[PlyCount "53"]
[EventSection "2/4"]
[EventDate "2024.02.02"]

{ Event information: <a
href="https://www.irlchess.com/sligo-cship2024_allfiles/pairings_sligo-cship2024.html">Tournament
report</a>. }

1. e4 e5 2. Nf3 Nc6 3. d4 d6 4. d5 Nb8 5. h3 Nf6 6. Bd3 Be7 7. c4 Nbd7 8.
a3 Nc5 9. Nc3 a5 10. Be3 Nxd3+ 11. Qxd3 Bd7 12. c5 O-O 13. b3 Re8 14. O-O
dxc5 15. Nxe5 Bd6 16. Nxd7 Qxd7 17. f4 Rad8 18. e5 Bxe5 19. fxe5 Rxe5 20.
Bf4 Ree8 21. Rad1 b6 22. Bg5 Re6 23. dxe6 Qxd3 24. Rxd3 Rxd3 25. Bxf6 gxf6
26. e7 Re3 27. Nd5 1-0

[Event "Sligo Championship 2024"]
[Site "Enniscrone IRL"]
[Date "2024.02.03"]
[Round "2.8"]
[White "Verlekar, Vivaan"]
[Black "O'Sullivan, Aidan"]
[Result "1/2-1/2"]
[WhiteElo "1520"]
[BlackElo "1611"]
[WhiteICU "1384"]
[BlackICU "1447"]
[WhiteClub "North Kildare"]
[WhiteNationality "IRL"]
[BlackNationality "IRL"]
[WhiteFideId "2516942"]
[BlackFideId "2512386"]
[PlyCount "51"]
[EventSection "2/4"]
[EventDate "2024.02.02"]

{ Event information: <a
href="https://www.irlchess.com/sligo-cship2024_allfiles/pairings_sligo-cship2024.html">Tournament
report</a>. }

1. e4 c5 2. Nf3 Nc6 3. d4 cxd4 4. Nxd4 e5 5. Nb3 Nf6 6. Bg5 h6 7. Bxf6 Qxf6
8. N1d2 d6 9. Bc4 Qg6 10. Qf3 Be7 11. h3 O-O 12. O-O-O Be6 13. g4 Bg5 14.
Kb1 Bxd2 15. Nxd2 Nd4 16. Qd3 Rfd8 17. c3 Nc6 18. Bxe6 Qxe6 19. Nc4 Ne7 20.
Ne3 Rd7 21. Nd5 Nxd5 22. Qxd5 Qxd5 23. Rxd5 Kf8 24. Rhd1 Ke7 25. c4 b6 26.
b3 1/2-1/2

[Event "Sligo Championship 2024"]
[Site "Enniscrone IRL"]
[Date "2024.02.03"]
[Round "2.9"]
[White "Taaffe, Paul"]
[Black "Lane, Alan"]
[Result "1-0"]
[WhiteElo "1764"]
[BlackElo "1551"]
[WhiteICU "1490"]
[BlackICU "1204"]
[WhiteClub "Malahide"]
[BlackClub "St. Benildus"]
[WhiteNationality "IRL"]
[BlackNationality "IRL"]
[WhiteFideId "2503549"]
[BlackFideId "368179924"]
[PlyCount "69"]
[EventSection "2/4"]
[EventDate "2024.02.02"]

{ Event information: <a
href="https://www.irlchess.com/sligo-cship2024_allfiles/pairings_sligo-cship2024.html">Tournament
report</a>. }

1. e4 d6 2. d4 f6 3. Nf3 Bg4 4. Bc4 e5 5. h3 Bh5 6. g4 Bg6 7. Nc3 Nd7 8.
Be3 Ne7 9. Qe2 Nc6 10. O-O-O Be7 11. Kb1 Rf8 12. Nh4 Nb6 13. Nxg6 hxg6 14.
f4 Nxc4 15. Qxc4 Qd7 16. Nd5 Bd8 17. dxe5 fxe5 18. f5 g5 19. Qc3 b5 20. Qd2
a5 21. Bxg5 b4 22. Bxd8 Kxd8 23. Qg5+ Kc8 24. h4 Nd4 25. Qe7 Rf7 26. Qxd7+
Kxd7 27. g5 Rb8 28. Ne3 a4 29. g6 Rff8 30. h5 Rh8 31. f6 gxf6 32. h6 Ne6
33. Nd5 Ng5 34. Nxf6+ Ke6 35. Rdf1 1-0

[Event "Sligo Championship 2024"]
[Site "Enniscrone IRL"]
[Date "2024.02.03"]
[Round "2.10"]
[White "Bermingham, Adam"]
[Black "McClatchey, Rob"]
[Result "1-0"]
[WhiteElo "1676"]
[BlackElo "1576"]
[WhiteICU "1128"]
[WhiteClub "Curragh"]
[WhiteNationality "IRL"]
[BlackNationality "ENG"]
[WhiteFideId "2527197"]
[BlackFideId "479217"]
[PlyCount "77"]
[EventSection "2/4"]
[EventDate "2024.02.02"]

{ Event information: <a
href="https://www.irlchess.com/sligo-cship2024_allfiles/pairings_sligo-cship2024.html">Tournament
report</a>. }

1. e4 d6 2. d4 Nf6 3. Nc3 c6 4. f4 Qa5 5. Bd3 e5 6. Nf3 exd4 7. Nxd4 g6 8.
O-O Bg7 9. Kh1 O-O 10. Be3 Ng4 11. Bg1 Nf6 12. Nce2 Nbd7 13. c3 Qc7 14. a4
Nc5 15. Ng3 Nxd3 16. Qxd3 Nd7 17. Be3 Nc5 18. Qc2 b6 19. f5 Nd7 20. Rae1
Nf6 21. Bg5 Bd7 22. Qd2 Rae8 23. Bh6 a6 24. Bxg7 Kxg7 25. b3 Re7 26. Qg5 h6
27. Qf4 g5 28. Qf3 c5 29. Nc2 Re5 30. Nh5+ Nxh5 31. Qxh5 Qc6 32. h4 gxh4
33. Rf4 Rh8 34. Rg4+ Kf8 35. Qxh4 d5 36. exd5 Rxe1+ 37. Nxe1 Qc8 38. Qf6
Rh7 39. Qd6+ 1-0

[Event "Sligo Championship 2024"]
[Site "Enniscrone IRL"]
[Date "2024.02.03"]
[Round "2.11"]
[White "McCarrick, Pat"]
[Black "Hiatt, Alan P."]
[Result "1-0"]
[WhiteElo "1514"]
[BlackElo "1597"]
[WhiteICU "1337"]
[WhiteClub "Drumlish"]
[WhiteNationality "IRL"]
[BlackNationality "ENG"]
[WhiteFideId "2506823"]
[BlackFideId "421081"]
[PlyCount "83"]
[EventSection "2/4"]
[EventDate "2024.02.02"]

{ Event information: <a
href="https://www.irlchess.com/sligo-cship2024_allfiles/pairings_sligo-cship2024.html">Tournament
report</a>. }

1. e4 e5 2. Nf3 d6 3. Bc4 Be7 4. O-O Nf6 5. Nc3 c6 6. Re1 Nbd7 7. Bxf7+
Kxf7 8. Ng5+ Kg8 9. d3 Nf8 10. f4 exf4 11. Bxf4 Ne6 12. Nf3 Nxf4 13. Qd2
Ng6 14. Ne2 Ne5 15. Nfd4 Qb6 16. Kh1 c5 17. Nf5 Bxf5 18. exf5 Nd5 19. Ng3
Bh4 20. Re4 Qd8 21. Nh5 Qg5 22. Qe2 Qxf5 23. Rxh4 Rf8 24. c4 Nb4 25. Rf4
Qxd3 26. Qf2 Rxf4 27. Qxf4 Ng6 28. Qf2 Qd4 29. Qf5 Qd3 30. Qe6+ Kf8 31. Re1
Ne5 32. Qc8+ Kf7 33. Qxh8 Qg6 34. Rf1+ Ke7 35. Nf4 Qh6 36. a3 Nbc6 37. Nd5+
Kd7 38. Qf8 Qg6 39. b4 cxb4 40. axb4 a6 41. b5 axb5 42. cxb5 1-0

[Event "Sligo Championship 2024"]
[Site "Enniscrone IRL"]
[Date "2024.02.03"]
[Round "2.12"]
[White "McNamara, John J."]
[Black "Donohoe, Eugene"]
[Result "0-1"]
[WhiteElo "1373"]
[BlackElo "1581"]
[BlackICU "1416"]
[BlackClub "Lucan"]
[WhiteNationality "IRL"]
[BlackNationality "IRL"]
[WhiteFideId "343421962"]
[BlackFideId "2502445"]
[PlyCount "134"]
[EventSection "2/4"]
[EventDate "2024.02.02"]

{ Event information: <a
href="https://www.irlchess.com/sligo-cship2024_allfiles/pairings_sligo-cship2024.html">Tournament
report</a>. }

1. e4 d6 2. d4 Nf6 3. Nc3 Nbd7 4. f4 e5 5. fxe5 dxe5 6. Nf3 Bd6 7. Bc4 O-O
8. Bg5 Qe8 9. Qe2 h6 10. h4 exd4 11. Nxd4 Bg3+ 12. Kd2 hxg5 13. hxg5 Bf4+
14. Kd1 Bxg5 15. g3 Ne5 16. Qh2 Bg4+ 17. Ke1 Bh6 18. Nd5 Nf3+ 19. Nxf3
Qxe4+ 20. Qe2 Bxf3 21. Qxe4 Bxe4 22. Nxf6+ gxf6 23. Rxh6 Kg7 24. Rh4 Rfe8
25. Kd2 Rad8+ 26. Kc3 Bg6 27. Rf1 Re3+ 28. Kb4 Rxg3 29. Rhf4 Rd6 30. c3 Rg2
31. Ka3 Rg5 32. b4 a6 33. Bb3 Rg2 34. Re1 Kf8 35. Rh4 f5 36. Rh8+ Kg7 37.
Rc8 Rd7 38. Bd1 Rg3 39. Kb3 Kf6 40. Rb8 Rdd3 41. Rxb7 Rxc3+ 42. Kb2 Rc6 43.
Ra7 Rgc3 44. Ba4 R6c4 45. Rxa6+ Kg7 46. Bb3 Rc6 47. Re7 Rxa6 48. Kxc3 Rc6+
49. Kd4 Kf6 50. Re5 Rd6+ 51. Rd5 Ke7 52. a4 c6 53. Rxd6 Kxd6 54. a5 Kc7 55.
Kc5 f4 56. Ba4 Be4 57. Kd4 f5 58. Bd1 Kb7 59. Be2 Ka7 60. Kc5 Kb7 61. Bf1
f3 62. Kd4 Kc7 63. Kc4 Kb7 64. Kc5 Ka7 65. b5 cxb5 66. Kxb5 Bb7 67. Bd3
Ba6+ 0-1

[Event "Sligo Championship 2024"]
[Site "Enniscrone IRL"]
[Date "2024.02.03"]
[Round "2.14"]
[White "McDonnell, Odhran"]
[Black "Cassidy, Sydney"]
[Result "1-0"]
[WhiteElo "1742"]
[BlackElo "1581"]
[WhiteICU "1609"]
[BlackICU "1371"]
[WhiteClub "St. Benildus"]
[BlackClub "Gorey"]
[WhiteNationality "IRL"]
[BlackNationality "IRL"]
[WhiteFideId "2507463"]
[BlackFideId "2507226"]
[PlyCount "37"]
[EventSection "2/4"]
[EventDate "2024.02.02"]
[WhiteFullName "McDonnell, Odhr&aacute;n"]

{ Event information: <a
href="https://www.irlchess.com/sligo-cship2024_allfiles/pairings_sligo-cship2024.html">Tournament
report</a>. }

1. d4 d5 2. c4 c6 3. Nf3 Nf6 4. Nc3 g6 5. Bf4 Bg7 6. e3 O-O 7. Bd3 Nbd7 8.
b3 Re8 9. O-O b6 10. Rc1 Bb7 11. cxd5 cxd5 12. Nb5 Rf8 13. Qe2 Ba6 14. Bc7
Qe8 15. Rc2 Ne4 16. Bf4 Bxb5 17. Bxb5 Qd8 18. Bc7 Qe8 19. Bc6 1-0

[Event "Sligo Championship 2024"]
[Site "Enniscrone IRL"]
[Date "2024.02.03"]
[Round "2.15"]
[White "Arun, Rahul"]
[Black "McGrath, Mark"]
[Result "0-1"]
[WhiteElo "1529"]
[BlackElo "1714"]
[WhiteICU "1049"]
[BlackICU "1561"]
[WhiteClub "Cork"]
[BlackClub "Cork"]
[WhiteNationality "IRL"]
[BlackNationality "IRL"]
[WhiteFideId "2524210"]
[BlackFideId "2519895"]
[PlyCount "78"]
[EventSection "2/4"]
[EventDate "2024.02.02"]

{ Event information: <a
href="https://www.irlchess.com/sligo-cship2024_allfiles/pairings_sligo-cship2024.html">Tournament
report</a>. }

1. d4 Nf6 2. c4 g6 3. Nc3 Bg7 4. Nf3 O-O 5. Bf4 d6 6. e3 Nbd7 7. Be2 c5 8.
O-O Nh5 9. Bg3 Nxg3 10. hxg3 a6 11. a4 e5 12. Qd2 Re8 13. dxc5 Nxc5 14. Qc2
Bf5 15. e4 Bg4 16. Nd2 Bd7 17. Nb3 Ne6 18. Bd3 Bc6 19. Rfd1 Rc8 20. Qe2 Qg5
21. Qd2 Qe7 22. Na5 h5 23. Nxc6 bxc6 24. b4 h4 25. Ne2 hxg3 26. Nxg3 Nd4
27. Rab1 Qh4 28. Ne2 Bh6 29. Qe1 Bf4 30. Nxd4 Qh2+ 31. Kf1 exd4 32. g3 Qh1+
33. Ke2 Rxe4+ 34. Bxe4 Qxe4+ 35. Kf1 Qh1+ 36. Ke2 Re8+ 37. Kd3 Qf3+ 38. Kc2
Re2+ 39. Qxe2 Qxe2+ 0-1

[Event "Sligo Championship 2024"]
[Site "Enniscrone IRL"]
[Date "2024.02.03"]
[Round "2.16"]
[White "O'Shea, Niall"]
[Black "Ryan, Tiernan"]
[Result "1-0"]
[WhiteElo "1709"]
[BlackElo "1527"]
[WhiteICU "1455"]
[WhiteClub "Drumlish"]
[WhiteNationality "IRL"]
[BlackNationality "IRL"]
[WhiteFideId "2505142"]
[BlackFideId "2529254"]
[PlyCount "66"]
[EventSection "2/4"]
[EventDate "2024.02.02"]

{ Event information: <a
href="https://www.irlchess.com/sligo-cship2024_allfiles/pairings_sligo-cship2024.html">Tournament
report</a>. }

1. d4 Nf6 2. c4 e6 3. a3 b6 4. Nc3 c5 5. d5 exd5 6. cxd5 d6 7. e4 Be7 8.
Bd3 O-O 9. Nge2 Na6 10. O-O Nc7 11. Bf4 Ng4 12. Bg3 f5 13. exf5 Bxf5 14.
Bxf5 Rxf5 15. Nf4 Ne5 16. Ne6 Nxe6 17. dxe6 d5 18. Re1 Nc6 19. Qd3 Nd4 20.
Nb5 Qf8 21. Nxd4 cxd4 22. b4 a5 23. Rac1 axb4 24. axb4 Bxb4 25. e7 Bxe7 26.
Rxe7 Rxf2 27. Rxg7+ Qxg7 28. Bxf2 Qg5 29. Rd1 Ra2 30. Qxd4 Qf5 31. Qxb6 Qc2
32. Qe6+ Kf8 33. Rf1 Rb2 1-0

[Event "Sligo Championship 2024"]
[Site "Enniscrone IRL"]
[Date "2024.02.03"]
[Round "2.18"]
[White "Khanzharov, Edward"]
[Black "Sloan, Cecil"]
[Result "1-0"]
[WhiteElo "1548"]
[BlackElo "1436"]
[WhiteICU "1472"]
[BlackICU "1570"]
[WhiteClub "Bangor"]
[WhiteNationality "IRL"]
[BlackNationality "USA"]
[WhiteFideId "2511975"]
[BlackFideId "2036738"]
[PlyCount "55"]
[EventSection "2/4"]
[EventDate "2024.02.02"]

{ Event information: <a
href="https://www.irlchess.com/sligo-cship2024_allfiles/pairings_sligo-cship2024.html">Tournament
report</a>. }

1. e4 c5 2. Nc3 Nc6 3. f4 g6 4. Nf3 Bg7 5. Bc4 e6 6. d3 Nge7 7. O-O O-O 8.
Qe1 Na5 9. Bb3 Nec6 10. Qg3 Nxb3 11. axb3 d5 12. f5 dxe4 13. dxe4 exf5 14.
Bg5 Bd4+ 15. Kh1 f6 16. Bh6 Rf7 17. Rad1 Be6 18. exf5 Bxf5 19. Nxd4 cxd4
20. Rxf5 Qc8 21. Rdf1 dxc3 22. Rxf6 cxb2 23. Rxf7 b1=Q 24. Rg7+ Kh8 25.
Rxb1 Qf5 26. Qc7 g5 27. Rxg5 Qxc2 28. Qg7# 1-0

[Event "Sligo Championship 2024"]
[Site "Enniscrone IRL"]
[Date "2024.02.03"]
[Round "2.19"]
[White "Baird, David"]
[Black "Foenander, Phillip"]
[Result "1/2-1/2"]
[WhiteElo "1645"]
[BlackElo "1514"]
[WhiteICU "1430"]
[BlackICU "1224"]
[WhiteClub "Westport"]
[BlackClub "Limerick"]
[WhiteNationality "IRL"]
[BlackNationality "IRL"]
[WhiteFideId "2507250"]
[BlackFideId "2505444"]
[PlyCount "67"]
[EventSection "2/4"]
[EventDate "2024.02.02"]

{ Event information: <a
href="https://www.irlchess.com/sligo-cship2024_allfiles/pairings_sligo-cship2024.html">Tournament
report</a>. }

1. c4 e5 2. Nc3 Nf6 3. g3 Bc5 4. Bg2 O-O 5. e3 c6 6. Nge2 d5 7. d4 exd4 8.
exd4 Bb4 9. c5 Ne4 10. O-O Nxc3 11. bxc3 Ba5 12. Ba3 Bg4 13. Bb4 Na6 14.
Qd2 Nxb4 15. cxb4 Bxb4 16. Qxb4 Bxe2 17. Rfe1 Ba6 18. Bf1 Bxf1 19. Kxf1 Qd7
20. Kg2 Rfe8 21. a4 g6 22. a5 a6 23. Rxe8+ Rxe8 24. Re1 Rxe1 25. Qxe1 Kf8
26. Qe5 Kg8 27. h3 Qd8 28. h4 h5 29. f4 Qxa5 30. Qb8+ Kg7 31. Qe5+ Kg8 32.
Qf6 Qd2+ 33. Kh3 Qe2 34. Qe5 1/2-1/2

[Event "Sligo Championship 2024"]
[Site "Enniscrone IRL"]
[Date "2024.02.03"]
[Round "3.1"]
[White "Mazzamuto, Salvatore Lorenzo"]
[Black "Cummins, Sean"]
[Result "1-0"]
[WhiteElo "1628"]
[BlackElo "1822"]
[BlackICU "1677"]
[BlackClub "Drogheda"]
[WhiteNationality "ITA"]
[BlackNationality "IRL"]
[WhiteFideId "28557336"]
[BlackFideId "2512084"]
[PlyCount "109"]
[EventSection "2/4"]
[EventDate "2024.02.02"]
[BlackFullName "Cummins, Se&aacute;n"]

{ Event information: <a
href="https://www.irlchess.com/sligo-cship2024_allfiles/pairings_sligo-cship2024.html">Tournament
report</a>. }

1. e4 c5 2. Nf3 d6 3. d4 cxd4 4. Nxd4 Nf6 5. f3 a6 6. c4 g6 7. Nc3 Bg7 8.
Be3 O-O 9. Qd2 Nc6 10. Be2 Bd7 11. O-O Rc8 12. Rac1 Ne5 13. Nd5 Nxd5 14.
cxd5 b5 15. b3 h5 16. h3 Rxc1 17. Rxc1 Bc8 18. f4 Nd7 19. Nc6 Qe8 20. b4
Nf6 21. Bf3 e6 22. e5 dxe5 23. d6 e4 24. Ne7+ Kh7 25. Rxc8 Qxc8 26. Nxc8
Rxc8 27. Be2 Rd8 28. Bc5 Bf8 29. a4 bxa4 30. Bxa6 Nd5 31. Bb5 Bxd6 32. Bxd6
Rxd6 33. Bxa4 Ra6 34. Bb3 Ra1+ 35. Kh2 e3 36. Qb2 Re1 37. Bxd5 exd5 38. b5
h4 39. Qc3 Rb1 40. Qxe3 Rxb5 41. Qf2 d4 42. Qxh4+ Kg7 43. Qd8 Rb4 44. Qd6
Ra4 45. Qc6 Ra1 46. Qc2 Ra7 47. f5 Rd7 48. Qc6 Ra7 49. f6+ Kh6 50. Qc1+ g5
51. h4 Ra5 52. Qd2 Rf5 53. g4 Rf4 54. hxg5+ Kxg5 55. Kg3 1-0

[Event "Sligo Championship 2024"]
[Site "Enniscrone IRL"]
[Date "2024.02.03"]
[Round "3.2"]
[White "Govindaraju, Darun"]
[Black "Barnes, Oliver"]
[Result "1-0"]
[WhiteElo "1683"]
[BlackElo "1571"]
[WhiteICU "1669"]
[BlackICU "1531"]
[WhiteClub "Moate Juniors"]
[WhiteNationality "IRL"]
[BlackNationality "IRL"]
[WhiteFideId "2519690"]
[BlackFideId "2517604"]
[PlyCount "74"]
[EventSection "2/4"]
[EventDate "2024.02.02"]

{ Event information: <a
href="https://www.irlchess.com/sligo-cship2024_allfiles/pairings_sligo-cship2024.html">Tournament
report</a>. }

1. d4 Nf6 2. Bg5 g6 3. Bxf6 exf6 4. e3 Bg7 5. g3 O-O 6. Bg2 c6 7. Ne2 d5 8.
O-O Nd7 9. Nd2 Nb6 10. Rc1 Re8 11. b3 Bg4 12. h3 Bxe2 13. Qxe2 Bh6 14. Qd3
Qd7 15. c4 dxc4 16. bxc4 f5 17. Nb3 Rad8 18. Nc5 Qc7 19. Qb3 Rb8 20. Rb1
Re7 21. a4 Nd7 22. Nd3 g5 23. Kh1 f4 24. gxf4 gxf4 25. e4 Qd6 26. d5 Ne5
27. c5 Qf6 28. Nxe5 Rxe5 29. Bf3 Bg7 30. Rg1 Qh4 31. Rg2 cxd5 32. exd5 Ree8
33. Kh2 Kh8 34. d6 Qf6 35. Rbg1 Rg8 36. a5 Qc3 37. Qxf7 Qf6 1-0

[Event "Sligo Championship 2024"]
[Site "Enniscrone IRL"]
[Date "2024.02.03"]
[Round "3.3"]
[White "Nelson, Jacob"]
[Black "Arun, Nitish"]
[Result "0-1"]
[WhiteElo "1665"]
[BlackElo "1556"]
[WhiteICU "1327"]
[BlackICU "1507"]
[BlackClub "Cork"]
[WhiteNationality "IRL"]
[BlackNationality "IRL"]
[WhiteFideId "2520320"]
[BlackFideId "2524201"]
[PlyCount "56"]
[EventSection "2/4"]
[EventDate "2024.02.02"]

{ Event information: <a
href="https://www.irlchess.com/sligo-cship2024_allfiles/pairings_sligo-cship2024.html">Tournament
report</a>. }

1. d4 e6 2. e4 d5 3. Nd2 Nf6 4. e5 Nfd7 5. Bd3 c5 6. c3 Nc6 7. Ngf3 Be7 8.
O-O Qb6 9. dxc5 Nxc5 10. Bc2 Qc7 11. Re1 h5 12. Nf1 h4 13. h3 Rh5 14. Qe2
g6 15. N1h2 b6 16. Ng4 Ba6 17. Qe3 Nd7 18. b4 Nxb4 19. cxb4 Qxc2 20. Nd4
Qd3 21. Bd2 Qxe3 22. Rxe3 Bg5 23. b5 Bxe3 24. Bxe3 Bb7 25. Rc1 Kd8 26. f4
Rc8 27. Nc6+ Bxc6 28. bxc6 Nb8 0-1

[Event "Sligo Championship 2024"]
[Site "Enniscrone IRL"]
[Date "2024.02.03"]
[Round "3.4"]
[White "Nikiforov, Sergey"]
[Black "Verlekar, Vivaan"]
[Result "1-0"]
[WhiteElo "1840"]
[BlackElo "1520"]
[BlackICU "1384"]
[BlackClub "North Kildare"]
[WhiteNationality "UKR"]
[BlackNationality "IRL"]
[WhiteFideId "14129086"]
[BlackFideId "2516942"]
[PlyCount "77"]
[EventSection "2/4"]
[EventDate "2024.02.02"]

{ Event information: <a
href="https://www.irlchess.com/sligo-cship2024_allfiles/pairings_sligo-cship2024.html">Tournament
report</a>. }

1. e4 c5 2. Nf3 d6 3. d4 cxd4 4. Nxd4 Nf6 5. Nc3 g6 6. f3 Bg7 7. Be3 Nc6 8.
Qd2 Bd7 9. O-O-O O-O 10. Kb1 a6 11. h4 Rc8 12. g4 h5 13. Be2 hxg4 14. Rdg1
gxf3 15. Bxf3 Ne5 16. h5 Nxf3 17. Nxf3 gxh5 18. Bh6 Bg4 19. Qg5 Ne8 20.
Bxg7 Nxg7 21. Rxh5 f5 22. exf5 e5 23. Qxg4 Qd7 24. Rg5 Rf7 25. Nd5 Kf8 26.
Qh4 Rxf5 27. Qh8+ Kf7 28. Qxg7+ Ke6 29. Qxd7+ Kxd7 30. Rxf5 Ke6 31. Ne3 Rh8
32. Rg6+ Kd7 33. a4 Rh3 34. Rf7+ Kc6 35. b4 a5 36. Nxe5+ Kb6 37. Nd5+ Ka7
38. Nc6+ Ka6 39. b5# 1-0